000 00456cam a22001577a 4500
008 180718b1961 xxu||||| |||| 00| 0 eng d
082 _aB263 G346
100 _aGhosh, Ramesh Chandra
245 _aTreaties and federal constitutions: their mutual impact
_cby Ramesh Chandra Ghosh
260 _aCalcutta
_bWorld Press
_c1961
300 _a343p.
500 _aRs.25.00
650 _aFederal - State Relations.
650 _aTreaties
650 _aFederalism
999 _c366313
_d366313